LIBRARY ONLINE CATALOGUE

Geology for engineers and environmental scientists. (Record no. 6839)

MARC details
000 -LEADER
fixed length control field 00764cam a22002412 4500
001 - CONTROL NUMBER
control field 0000005087
005 - DATE AND TIME OF LATEST TRANSACTION
control field 20151217151952.0
008 - FIXED-LENGTH DATA ELEMENTS--GENERAL INFORMATION
fixed length control field 070606s xx 000 0 eng d
020 ## - INTERNATIONAL STANDARD BOOK NUMBER
International Standard Book Number 0131457306 :
Terms of availability GBP 54.99
040 ## - CATALOGING SOURCE
Original cataloging agency KABU
Transcribing agency KABU
050 #0 - LIBRARY OF CONGRESS CALL NUMBER
Classification number TA705
Item number .K44 2006
100 1# - MAIN ENTRY--PERSONAL NAME
Personal name Kehew, Alan E.
-- 0000156162
245 10 - TITLE STATEMENT
Title Geology for engineers and environmental scientists.
250 ## - EDITION STATEMENT
Edition statement 3rd ed.
260 ## - PUBLICATION, DISTRIBUTION, ETC. (IMPRINT)
Place of publication, distribution, etc. Upper Saddle River, NJ :
Name of publisher, distributor, etc. Prentice Hall,
Date of publication, distribution, etc. 2006.
300 ## - PHYSICAL DESCRIPTION
Extent xix, 696 p.
650 #0 - SUBJECT ADDED ENTRY--TOPICAL TERM
Topical term or geographic name as entry element Engineering geology.
-- 0000156159
908 ## - PUT COMMAND PARAMETER (RLIN)
Put command parameter 070606
950 ## - LOCAL HOLDINGS (RLIN)
-- 1
Holdings
Withdrawn status Lost status Source of classification or shelving scheme Not for loan Home library Current library Date acquired Total Checkouts Full call number Barcode Date last seen Price effective from Koha item type
    Library of Congress Classification   Kabarak, Main Campus Kabarak, Main Campus 17/12/2015   TA705 .K44 2006 009415 17/12/2015 17/12/2015 General Collection
    Library of Congress Classification   Kabarak, Main Campus Kabarak, Main Campus 17/12/2015   TA705 .K44 2006 009416 17/12/2015 17/12/2015 General Collection
    Library of Congress Classification   Kabarak, Main Campus Kabarak, Main Campus 17/12/2015   TA705 .K44 2006 009417 17/12/2015 17/12/2015 General Collection